Τέχνη και Αισθητική

Αποθηκεύτηκε σε:
Λεπτομέρειες βιβλιογραφικής εγγραφής
Κύριος συγγραφέας: Erenburg, Ilia 1891-1967
Άλλοι συγγραφείς: Izakovsky, M.
Μορφή: Βιβλίο
Γλώσσα:Greek
Δημοσίευση: Αθήνα : Πανεκδοτική, [χ.χ.]
Θέματα:
Ετικέτες: Προσθήκη ετικέτας
Δεν υπάρχουν, Καταχωρήστε ετικέτα πρώτοι!

MARC

LEADER 00000nam a2200000 i 4500
001 1/23244
008 960228q19501988 gre d
035 |a 1988  |b 2  |c Αγορά/Τσαφταρίδης  |l 10036791 
040 |a GR-MY-UA  |b gre  |e aacr 
041 0 |a gre 
082 0 |a 801.93 
100 1 |a Erenburg, Ilia  |d 1891-1967. 
245 1 0 |a Τέχνη και Αισθητική /  |c Ηλία Ερεμπουργκ, Μ. Ιζακόφσκυ 
260 |a Αθήνα :   |b Πανεκδοτική,   |c [χ.χ.] 
300 |a 95 σ. 
650 0 0 |a Fiction  |x Authorship. 
650 0 0 |a Poetry  |x Authorship. 
650 0 0 |a Aesthetics. 
650 0 0 |a Creative writing. 
700 1 |a Izakovsky, M. 
852 |a INST  |b RHODES  |e 19960228  |h 801.93 ERE  |p 005400003079  |q 005400003079  |t BK  |y 0 
909 |a Ρ  |b 011609  |c 1988